| 000 | 00425nam a22001577a 4500 | ||
|---|---|---|---|
| 999 |
_c16889 _d16889 |
||
| 008 | 180629b xxu||||| |||| 00| 0 eng d | ||
| 020 | _a0324661924 | ||
| 245 |
_aFraud Examination _cedited by W. Steve Albrecht ...[et al.]. |
||
| 250 | _a3rd. ed. | ||
| 260 |
_aAustralia _bSouth-western _c2009 |
||
| 300 | _axix, 671p. | ||
| 650 | _aFraud | ||
| 650 | _aFraud Prevention | ||
| 650 | _aFraud Investigation | ||
| 942 |
_2lcc _cBK |
||